000 00588nam a22002052 4500
001 0000007065
005 20151217152021.0
008 071110s xx 000 0 eng d
020 _a9966805664 :
_cKES 690
040 _aKABU
_cKABU
100 1 _aMason, John L.
_@0000157726
245 1 3 _aAn Enemy called average /
_cJohn L. Mason.
260 _aNairobi :
_bWordAlive,
_c1990.
300 _a187 p.
650 0 _aChristian life.
_@0000149167
650 0 _aDevotional literature.
_@0000158106
908 _a071110
950 _@1
999 _c7372
_d7372